| 000 | 00806cam a2200301 4500500 | ||
|---|---|---|---|
| 005 | 20260329005025.0 | ||
| 041 | _afre | ||
| 042 | _adc | ||
| 100 | 1 | 0 |
_aTenaillon, Nicolas _eauthor |
| 245 | 0 | 0 | _aPourquoi faisons-nous des bonshommes de neige ? |
| 260 | _c2022. | ||
| 500 | _a71 | ||
| 690 | _aBeauté | ||
| 690 | _aEnfance | ||
| 690 | _aFrancis Bacon | ||
| 690 | _aFroid | ||
| 690 | _aHiver | ||
| 690 | _aImitation | ||
| 690 | _aNeige | ||
| 690 | _aNostalgie | ||
| 690 | _aPeter Sloterdijk | ||
| 690 | _aPiaget | ||
| 690 | _aSculpture | ||
| 690 | _aStatue | ||
| 690 | _aVoltaire | ||
| 786 | 0 | _nPhilosophie magazine | 157 | 3 | 2022-03-01 | p. 46-46 | 1951-1787 | |
| 856 | 4 | 1 | _uhttps://shs.cairn.info/magazine-philosophie-magazine-2022-3-page-46?lang=fr&redirect-ssocas=7080 |
| 999 |
_c1839556 _d1839556 |
||